[Event "NOR-UKR Solidarity m"]
[Site "Tornelo INT"]
[Date "2022.04.23"]
[Round "3.4"]
[White "Moiseenko, Alexander"]
[Black "Tari, Aryan"]
[Result "1/2-1/2"]
[WhiteElo "2602"]
[BlackElo "2650"]
[PlyCount "48"]
[EventDate "2022.04.23"]
[EventType "team-match"]
[EventRounds "4"]
[EventCountry "UKR"]
[SourceTitle "CBM 207 Extra"]
[Source "ChessBase"]
[SourceDate "2022.05.31"]
[SourceVersion "1"]
[SourceVersionDate "2022.05.31"]
[SourceQuality "1"]
[WhiteTeam "Ukraine"]
[BlackTeam "Norway"]
[WhiteTeamCountry "UKR"]
[BlackTeamCountry "NOR"]

1. d4 {Stockfish 16.1 Stockfish 16.1} d5 2. c4 e6 3. Nc3 c5 4. e3 Nf6 5. Nf3 Nc6 6. cxd5 exd5 7. Bb5 cxd4 8. Nxd4 Bd7 9. O-O Bd6 10. Nf3 a6 11. Be2 Be6 ({RR} 11... Bg4 12. h3 Bh5 13. b3 ({RR} 13. Nxd5 Nxd5 14. Qb3 ({RR} 14. Qxd5 Bh2+ 15. Nxh2 Qxd5) ({RR} 14. Qxd5 Bh2+ 15. Nxh2 Qxd5) 14... Qd7) ({RR} 13. Nxd5 Nxd5 14. Qb3 Qd7) 13... O-O 14. Bb2 Re8 15. Nh4 Bg6 16. Nxg6 ({RR} 16. Nxd5 Nxd5 17. Nxg6 hxg6) ({RR} 16. Nxd5 Nxd5 17. Nxg6 hxg6) 16... hxg6 17. Bf3 Be5 18. Rb1 d4 19. exd4 Nxd4 20. Bxb7 Ra7 21. Bf3 Rd7 22. Na4 Qa5 ({RR} 22... Nf5 23. Qc1 Bxb2 24. Rxb2 Nd4) ({RR} 22... Nf5 23. Qc1 Bxb2 24. Rxb2 Nd4) 23. Kh1 Nxf3 24. Qxf3 Bxb2 25. Rxb2 Re1 26. Rb1 {Keymer,V (2807)-Firouzja,A (2854) Chess.com 2024 [Stockfish 16.1] 0-1 (34)}) ({RR} 11... Bg4 12. h3 Bh5 13. b3 O-O 14. Bb2 Re8 15. Nh4 Bg6 16. Nxg6 hxg6 17. Bf3 Be5 18. Rb1 d4 19. exd4 Nxd4 20. Bxb7 Ra7 21. Bf3 Rd7 22. Na4 Qa5 23. Kh1 Nxf3 24. Qxf3 Bxb2 25. Rxb2 Re1 26. Rb1 {Keymer,V (2807)-Firouzja,A (2854) Chess.com 2024 [Stockfish 16.1] 0-1 (34)}) 12. b3 Ne5 ({RR} 12... O-O 13. Bb2 Qe7 14. Rc1 Rfd8 15. Nd4 Nxd4 16. Qxd4 Bc5 17. Qh4 d4 18. exd4 Rxd4 19. Qg3 Rad8 20. Rcd1 Bd6 21. f4 Bc5 22. Kh1 Rxd1 23. Bxd1 Bd4 24. Bf3 b5 25. Rd1 b4 26. Nd5 Bxd5 27. Rxd4 {Smolik,J (2375)-Schuricht,E (2273) St. Veit an der Glan AUT 2026 ½-½ (51)}) ({RR} 12... O-O 13. Bb2 Qe7 14. Rc1 Rad8 15. Nd4 Qc7 16. h3 Qd7 17. Na4 Ne4 18. Bg4 Bxg4 19. Qxg4 f5 20. Qe2 Nxd4 21. Bxd4 f4 22. Qh5 Rf5 23. Qg4 h5 24. Qf3 Nd2 25. Qe2 f3 26. Qxd2 Rg5 27. g4 {Harsha,B (2572)-Tari,A (2656) Chess.com INT 2022 0-1}) ({RR} 12... O-O 13. Bb2 Qe7 14. Rc1 Rfd8 15. Nd4 Nxd4 16. Qxd4 Bc5 17. Qh4 d4 18. exd4 Rxd4 19. Qg3 Rad8 20. Rcd1 Bd6 21. f4 Bc5 22. Kh1 Rxd1 23. Bxd1 Bd4 24. Bf3 b5 25. Rd1 b4 26. Nd5 Bxd5 27. Rxd4 {Smolik,J (2375)-Schuricht,E (2273) St. Veit an der Glan AUT 2026 ½-½ (51)}) ({RR} 12... O-O 13. Bb2 Qe7 14. Rc1 Rad8 15. Nd4 Qc7 16. h3 Qd7 17. Na4 Ne4 18. Bg4 Bxg4 19. Qxg4 f5 20. Qe2 Nxd4 21. Bxd4 f4 22. Qh5 Rf5 23. Qg4 h5 24. Qf3 Nd2 25. Qe2 f3 26. Qxd2 Rg5 27. g4 {Harsha,B (2572)-Tari,A (2656) Chess.com INT 2022 0-1}) 13. Bb2 O-O 14. Nxe5 $146 ({RR} 14. Rc1 Qe7 15. Qd4 Nfg4 16. g3 Nxf3+ 17. Bxf3 Be5 18. Qd2 Rfd8 19. Na4 Qf6 20. Bg2 b5 21. Bxe5 Nxe5 22. Nc5 Bh3 23. Qe2 Bf5 24. Rfd1 Bg4 25. Qd2 Bxd1 26. Qxd1 Rac8 27. b4 d4 28. Ne4 Qb6 {Jozic,Z (2024)-Grandic,Z (2164) Osijek 2012 0-1 (31)}) ({RR} 14. Rc1 Qe7 15. Qd4 Nfg4 16. g3 Nxf3+ 17. Bxf3 Be5 18. Qd2 Rfd8 19. Na4 Qf6 20. Bg2 b5 21. Bxe5 Nxe5 22. Nc5 Bh3 23. Qe2 Bf5 24. Rfd1 Bg4 25. Qd2 Bxd1 26. Qxd1 Rac8 27. b4 d4 28. Ne4 Qb6 {Jozic,Z (2024)-Grandic,Z (2164) Osijek 2012 0-1 (31)}) 14... Bxe5 15. Na4 Qd6 16. Bxe5 Qxe5 17. Qd4 Qxd4 18. exd4 Rac8 19. Rac1 Rxc1 20. Rxc1 Rc8 21. Rxc8+ Bxc8 22. f3 Kf8 23. Kf2 Ke7 24. Ke3 Kd6 1/2-1/2

[Event "Saint Louis Summer-A"]
[Site "Saint Louis"]
[Date "2022.06.10"]
[Round "9"]
[White "Gledura, Benjamin"]
[Black "Oparin, Grigoriy"]
[Result "0-1"]
[WhiteElo "2644"]
[BlackElo "2685"]
[PlyCount "102"]
[EventDate "2022.06.02"]
[EventType "tourn"]
[EventRounds "9"]
[EventCountry "USA"]
[EventCategory "16"]
[SourceTitle "CBM 208 Extra"]
[Source "ChessBase"]
[SourceDate "2022.07.31"]
[SourceVersion "1"]
[SourceVersionDate "2022.07.31"]
[SourceQuality "1"]

1. c4 Nf6 2. Nc3 c5 3. Nf3 e6 4. g3 d5 5. cxd5 exd5 6. d4 Nc6 7. Bg2 cxd4 8. Nxd4 Bc5 9. Nxc6 bxc6 10. Na4 Bb6 11. Qc2 Bd7 12. Nc5 O-O 13. Nxd7 Qxd7 14. O-O Rfe8 15. a4 $146 ({RR} 15. b3 Qe6 16. e3 h5 17. Bb2 h4 18. Rac1 Rac8 19. Bxf6 Qxf6 20. Bh3 Rcd8 21. Qf5 Qxf5 22. Bxf5 hxg3 23. hxg3 d4 24. exd4 Rxd4 25. Rc2 g6 26. Bh3 Red8 27. Re1 Rd2 28. Re2 Ba5 29. Rexd2 Rxd2 {Sakelsek,T (2401)-Dobrovoljc,V (2387) Grosuplje SLO 2024 ½-½ (31)}) ({RR} 15. b3 Qe6 16. e3 h5 17. Bb2 h4 18. Rac1 Rac8 19. Bxf6 Qxf6 20. Bh3 Rcd8 21. Qf5 Qxf5 22. Bxf5 hxg3 23. hxg3 d4 24. exd4 Rxd4 25. Rc2 g6 26. Bh3 Red8 27. Re1 Rd2 28. Re2 Ba5 29. Rexd2 Rxd2 {Sakelsek,T (2401)-Dobrovoljc,V (2387) Grosuplje SLO 2024 ½-½ (31)}) 15... a5 16. Ra3 Rac8 17. Rb3 Ba7 18. e3 Ne4 19. Bd2 Nxd2 20. Qxd2 d4 21. Rd3 c5 22. Qxa5 c4 23. Rdd1 d3 24. Qb5 Qe7 25. a5 Rc5 26. Qa4 Rb8 27. Rd2 h5 28. Rc1 Qe6 29. a6 Rb6 30. Bb7 Rd6 31. Qd1 h4 32. Qf3 Re5 33. Re1 g6 34. Kg2 h3+ 35. Kf1 Qe7 36. Qg4 Rf6 37. Qxc4 Rxe3 38. Qc1 Rxe1+ 39. Qxe1 Qc5 40. b3 Qd4 41. Bc8 Kg7 42. Bb7 Bc5 43. Be4 Re6 44. Rxd3 Rxe4 45. Qc3 Qxc3 46. Rxc3 Bb6 47. Rc6 Re6 48. Rxe6 fxe6 49. f4 g5 50. fxg5 e5 51. Ke2 e4 0-1

[Event "TCh-ESP Div Honor 2023"]
[Site "Linares ESP"]
[Date "2023.09.20"]
[Round "5.4"]
[White "Fedoseev, Vl3"]
[Black "Narayanan, SL."]
[Result "1/2-1/2"]
[WhiteElo "2683"]
[BlackElo "2654"]
[PlyCount "94"]
[EventDate "2023.09.16"]
[WhiteTeam "DuoBeniajan Costa Calida"]
[BlackTeam "MyInvestor Casablanca"]

1. d4 d5 2. c4 e6 3. Nc3 c5 4. cxd5 cxd4 5. Qa4+ Bd7 6. Qxd4 exd5 7. Qxd5 Nf6 8. Qd1 Bc5 9. Nf3 O-O 10. e3 Qe7 11. Be2 Nc6 12. O-O Rfd8 13. Qc2 ({RR} 13. a3 Ne5 14. Nd4 Rac8 15. Bd2 Nc6 16. Nf3 Ne5 17. Qe1 Bc6 18. Nd4 Bxd4 19. exd4 Rxd4 20. Be3 Rh4 21. f3 Ng6 22. Qf2 Rh5 23. Rfe1 Qc7 24. f4 Rf5 25. g3 h5 26. Bd3 Ng4 27. Qd2 Rf6 {Vidit,S (2737)-Narayanan,S (2677) Samarkand UZB 2023 ½-½ (70)}) ({RR} 13. a3 Ne5 14. Nd4 Rac8 15. Bd2 Nc6 16. Nf3 Ne5 17. Qe1 Bc6 18. Nd4 Bxd4 19. exd4 Rxd4 20. Be3 Rh4 21. f3 Ng6 22. Qf2 Rh5 23. Rfe1 Qc7 24. f4 Rf5 25. g3 h5 26. Bd3 Ng4 27. Qd2 Rf6 {Vidit,S (2737)-Narayanan,S (2677) Samarkand UZB 2023 ½-½ (70)}) 13... Rac8 ({RR} 13... Nb4 14. Qb1 Bc6 15. Qf5 Bd7 16. Qb1 Bc6 17. Qf5 Bd7 18. Qf4 Rac8 19. Rd1 Bg4 20. Rxd8+ Rxd8 21. h3 Bh5 22. a3 Nd3 23. Bxd3 Rxd3 24. Qb8+ Ne8 25. Nh2 a6 26. Nf1 Bd6 27. Qc8 Bc7 28. Bd2 {Berserk 20250113-LCZero 0.31-dag-c93c6a8-BT4-6 (3652) tcec-chess.com INT 2025 ½-½ (112)}) ({RR} 13... Nb4 14. Qb1 Bc6 15. Qf5 Bd7 16. Qb1 Bc6 17. Qf5 Bd7 18. Qf4 Rac8 19. Rd1 Bg4 20. Rxd8+ Rxd8 21. h3 Bh5 22. a3 Nd3 23. Bxd3 Rxd3 24. Qb8+ Ne8 25. Nh2 a6 26. Nf1 Bd6 27. Qc8 Bc7 28. Bd2 {Berserk 20250113-LCZero 0.31-dag-c93c6a8-BT4-6 (3652) tcec-chess.com INT 2025 ½-½ (112)}) 14. Bd2 ({RR} 14. a3 Ne5 15. Nd4 Nc6 16. Rd1 h5 17. Nf3 Ne5 18. b4 Nxf3+ 19. Bxf3 Bd6 20. Bb2 Ng4 21. h3 Qe5 22. hxg4 Qh2+ 23. Kf1 Bb5+ 24. Ke1 Bxb4 25. Rd5 Rxd5 26. Bxd5 Qg1+ 27. Kd2 Qxf2+ 28. Kc1 Qxe3+ {Bok,B (2560)-Sek,K (2353) chess.com INT 2026 0-1 (57)}) ({RR} 14. a3 Ne5 15. Nd4 Nc6 16. Rd1 h5 17. Nf3 Ne5 18. b4 Nxf3+ 19. Bxf3 Bd6 20. Bb2 Ng4 21. h3 Qe5 22. hxg4 Qh2+ 23. Kf1 Bb5+ 24. Ke1 Bxb4 25. Rd5 Rxd5 26. Bxd5 Qg1+ 27. Kd2 Qxf2+ 28. Kc1 Qxe3+ {Bok,B (2560)-Sek,K (2353) chess.com INT 2026 0-1 (57)}) 14... Ne5 15. Nd4 $146 ({RR} 15. Rad1 b5 16. Qb1 b4 17. Ne4 Bf5 18. Nxf6+ Qxf6 19. e4 Bg4 20. Be3 Nxf3+ 21. Bxf3 Bxf3 22. gxf3 Bd6 23. Rd5 Re8 24. Qd1 Bc7 25. Kh1 Qh4 26. f4 Bxf4 27. Rh5 Qe7 28. Qf3 Qxe4 29. Qxe4 Rxe4 {Dobrocmyslov,A (2316)-Weishaeutel,M (2403) Tegernsee GER 2023 0-1 (50)}) ({RR} 15. Rad1 b5 16. Qb1 b4 17. Ne4 Bf5 18. Nxf6+ Qxf6 19. e4 Bg4 20. Be3 Nxf3+ 21. Bxf3 Bxf3 22. gxf3 Bd6 23. Rd5 Re8 24. Qd1 Bc7 25. Kh1 Qh4 26. f4 Bxf4 27. Rh5 Qe7 28. Qf3 Qxe4 29. Qxe4 Rxe4 {Dobrocmyslov,A (2316)-Weishaeutel,M (2403) Tegernsee GER 2023 0-1 (50)}) 15... Nc6 16. Nf5 Qe5 17. Nh4 Nb4 18. Qb1 Bc6 19. Rd1 Bd6 20. g3 Bf8 21. a3 Nbd5 22. Nf3 Qe8 23. Nd4 Nxc3 24. Bxc3 Be4 25. Bd3 h5 26. Qc2 h4 27. Qe2 hxg3 28. hxg3 Rc5 29. f3 Bxd3 30. Rxd3 Bd6 31. Bb4 Rg5 32. Bxd6 Rxd6 33. Kf2 Rh5 34. Kg2 Nd5 35. Rh1 Rxh1 36. Kxh1 Qe5 37. Kg2 Nf4+ 38. gxf4 Rg6+ 39. Kf2 Qh5 40. e4 Qh1 41. Ke3 Rg2 42. Qd1 Rg1 43. Qc2 Rc1 44. Qf2 Rf1 45. Qc2 Rc1 46. Qf2 Rf1 47. Qg3 Rg1 1/2-1/2

[Event "FIDE Grand Swiss 2025"]
[Site "Samarkand UZB"]
[Date "2025.09.14"]
[Round "10.20"]
[White "Predke, A."]
[Black "Mamedov, Rau"]
[Result "1-0"]
[WhiteElo "2617"]
[BlackElo "2659"]
[PlyCount "145"]
[EventDate "2025.09.04"]

1. d4 d5 2. c4 e6 3. Nc3 c5 4. cxd5 exd5 5. Nf3 Nc6 6. dxc5 d4 7. Na4 Bxc5 8. Nxc5 Qa5+ 9. Bd2 Qxc5 10. e3 dxe3 11. Bxe3 Qb4+ 12. Qd2 Qxd2+ 13. Bxd2 ({RR} 13. Nxd2 Nf6 14. Be2 O-O 15. O-O Be6 16. a3 Rfd8 17. Nf3 Nd5 18. Bd2 h6 19. Rac1 Rac8 20. Rfd1 a6 21. h3 Nf6 22. Be1 Nd5 23. Bd2 Nf6 24. Kf1 Bb3 25. Re1 Be6 26. b4 Ne4 27. Be3 Nd6 {Lazavik,D (2560)-Mamedov,R (2633) chess.com INT 2023 ½-½ (118)}) ({RR} 13. Nxd2 Nf6 14. Be2 O-O 15. O-O Be6 16. a3 Rfd8 17. Nf3 Nd5 18. Bd2 h6 19. Rac1 Rac8 20. Rfd1 a6 21. h3 Nf6 22. Be1 Nd5 23. Bd2 Nf6 24. Kf1 Bb3 25. Re1 Be6 26. b4 Ne4 27. Be3 Nd6 {Lazavik,D (2560)-Mamedov,R (2633) chess.com INT 2023 ½-½ (118)}) 13... Nf6 ({RR} 13... Be6 14. Bb5 Nge7 15. b3 a6 16. Be2 f6 17. O-O-O Kf7 18. Kb2 Rhd8 19. Rhe1 Rac8 20. Bc1 Nd5 21. Nd4 Nc3 22. Kxc3 Nxd4+ 23. Bc4 Ne2+ 24. Kb2 Rxd1 25. Rxd1 Bxc4 26. bxc4 Rxc4 27. Be3 b5 28. Rd6 {Mattenberger,M (2239)-Beyer,C (2190) Germany GER 2026 ½-½ (78)}) ({RR} 13... Be6 14. Bb5 Nge7 15. b3 a6 16. Be2 f6 17. O-O-O Kf7 18. Kb2 Rhd8 19. Rhe1 Rac8 20. Bc1 Nd5 21. Nd4 Nc3 22. Kxc3 Nxd4+ 23. Bc4 Ne2+ 24. Kb2 Rxd1 25. Rxd1 Bxc4 26. bxc4 Rxc4 27. Be3 b5 28. Rd6 {Mattenberger,M (2239)-Beyer,C (2190) Germany GER 2026 ½-½ (78)}) 14. Bb5 Bd7 15. O-O-O $146 ({RR} 15. O-O O-O 16. Rfe1 a6 17. Bf1 Be6 18. Ng5 Bd5 19. Bc3 h6 20. Bxf6 gxf6 21. Nh3 Rfd8 22. Nf4 Ne5 23. a3 Bc6 24. Nh5 Rd6 25. Nxf6+ Rxf6 26. Rxe5 Rd8 27. Rae1 Rd2 28. R5e2 Rd4 29. f3 Rfd6 {Santos Ruiz,M (2523)-Jirovsky,M (2448) Skopje 2018 1-0 (80)}) ({RR} 15. O-O O-O 16. Rfe1 a6 17. Bf1 Be6 18. Ng5 Bd5 19. Bc3 h6 20. Bxf6 gxf6 21. Nh3 Rfd8 22. Nf4 Ne5 23. a3 Bc6 24. Nh5 Rd6 25. Nxf6+ Rxf6 26. Rxe5 Rd8 27. Rae1 Rd2 28. R5e2 Rd4 29. f3 Rfd6 {Santos Ruiz,M (2523)-Jirovsky,M (2448) Skopje 2018 1-0 (80)}) 15... O-O 16. Bc3 Rfd8 17. Bxf6 gxf6 18. b3 a6 19. Bxc6 Bxc6 20. Nd4 Be4 21. Rhe1 Rac8+ 22. Kb2 Bg6 23. Rd2 Rd5 24. Rc1 Rcd8 25. Rcd1 Rc8 26. Nf3 Rc2+ 27. Rxc2 Rxd1 28. Rc1 Rd3 29. Rc4 Rd1 30. Rf4 Kg7 31. a4 a5 32. Nd4 Kf8 33. Nf5 Rh1 34. h3 h5 35. Ne3 Rb1+ 36. Ka2 Re1 37. Rxf6 Re2+ 38. Ka1 Ke7 39. Rf4 Ke6 40. Nc4 Be4 41. g3 f5 42. h4 Kd5 43. Nxa5 b6 44. Nc4 Kc5 45. f3 Bd3 46. Nb2 Bc2 47. Rc4+ Kd5 48. Ka2 Bd3 49. Rc8 Ba6 50. Ra8 Bb7 51. Rb8 Bc6 52. Ka3 Kd4 53. Rxb6 Bxf3 54. Rd6+ Kc5 55. Rd3 Be4 56. b4+ Kc6 57. Rc3+ Kd5 58. b5 Kd4 59. Rc4+ Ke5 60. Rc8 Kd4 61. Nd1 Rg2 62. a5 Bb7 63. Rc7 Bd5 64. Kb4 Rd2 65. Rc1 Bf3 66. Rc4+ Ke5 67. Nc3 Rg2 68. a6 Rxg3 69. b6 Rg2 70. Nb5 Rg7 71. Rc5+ Kf6 72. Rc7 Rg4+ 73. Ka5 1-0

[Event "FIDE Grand Swiss 2025"]
[Site "Samarkand UZB"]
[Date "2025.09.15"]
[Round "11.4"]
[White "Abdusattorov, Nodirbek"]
[Black "Liang, Awonder"]
[Result "1/2-1/2"]
[WhiteElo "2771"]
[BlackElo "2696"]
[PlyCount "93"]
[EventDate "2025.09.04"]

1. c4 e6 2. Nc3 d5 3. d4 c5 4. cxd5 exd5 5. Nf3 Nc6 6. g3 Nf6 7. Be3 ({RR} 7. a3 cxd4 8. Nxd4 Bc5 9. Be3 Bb6 10. Na4 Bxd4 11. Bxd4 O-O 12. Bg2 Re8 13. Nc3 Bf5 14. O-O Ne4 15. Re1 Qd7 16. Rc1 Rad8 17. Nxe4 Bxe4 18. e3 Bxg2 19. Kxg2 Re4 20. Bc3 Qe6 21. Qf3 h6 {Caruana,F (2782)-Dominguez Perez,L (2739) Baku AZE 2023 1-0 (94)}) ({RR} 7. a3 cxd4 8. Nxd4 Bc5 9. Be3 Ne5 10. Bg2 Neg4 11. Bf4 Nh5 12. e3 Nxf4 13. exf4 Qe7+ 14. Nce2 O-O 15. O-O Nf6 16. Nc3 Rd8 17. Re1 Qf8 18. Qd3 Ne4 19. Rad1 Bg4 20. f3 Bh5 21. g4 Bd6 {Matlakov,M (2685)-Abdusattorov,N (2627) Chess.com INT 2020 1-0 (72)}) ({RR} 7. a3 cxd4 8. Nxd4 Bc5 9. Be3 Bb6 10. Na4 Bxd4 11. Bxd4 O-O 12. Bg2 Re8 13. Nc3 Bf5 14. O-O Ne4 15. Re1 Qd7 16. Rc1 Rad8 17. Nxe4 Bxe4 18. e3 Bxg2 19. Kxg2 Re4 20. Bc3 Qe6 21. Qf3 h6 {Caruana,F (2782)-Dominguez Perez,L (2739) Baku AZE 2023 1-0 (94)}) ({RR} 7. a3 cxd4 8. Nxd4 Bc5 9. Be3 Ne5 10. Bg2 Neg4 11. Bf4 Nh5 12. e3 Nxf4 13. exf4 Qe7+ 14. Nce2 O-O 15. O-O Nf6 16. Nc3 Rd8 17. Re1 Qf8 18. Qd3 Ne4 19. Rad1 Bg4 20. f3 Bh5 21. g4 Bd6 {Matlakov,M (2685)-Abdusattorov,N (2627) Chess.com INT 2020 1-0 (72)}) 7... cxd4 ({RR} 7... c4 8. Bg5 Be7 9. Bg2 O-O 10. O-O Be6 11. e3 Ne4 12. Bxe7 Qxe7 13. Qe2 Nxc3 14. bxc3 b5 15. a3 Bf5 16. Qb2 Rab8 17. Nd2 Qd6 18. e4 dxe4 19. Nxe4 Bxe4 20. Bxe4 a5 21. Rfe1 g6 22. Bg2 {Maghsoodloo,P (2701)-Wei Yi (2753) Goa IND 2025 ½-½ (105)}) ({RR} 7... c4 8. Bg5 Be7 9. Bg2 O-O 10. O-O Be6 11. e3 Ne4 12. Bxe7 Qxe7 13. Qe2 Nxc3 14. bxc3 b5 15. a3 Bf5 16. Qb2 Rab8 17. Nd2 Qd6 18. e4 dxe4 19. Nxe4 Bxe4 20. Bxe4 a5 21. Rfe1 g6 22. Bg2 {Maghsoodloo,P (2701)-Wei Yi (2753) Goa IND 2025 ½-½ (105)}) 8. Nxd4 Ng4 $146 ({RR} 8... Bb4 9. Bg2 O-O 10. O-O Bxc3 11. bxc3 h6 12. Nxc6 bxc6 13. c4 Re8 14. cxd5 Nxd5 15. Bd4 Ba6 16. Re1 Qe7 17. Rc1 Qe6 18. Qc2 Ne7 19. e4 Red8 20. Qc3 f6 21. a4 Qa2 22. Qc5 Ng6 23. Qxc6 {Bluebaum,M (2655)-Lysyj,I (2589) chess.com INT 2024 ½-½ (74)}) ({RR} 8... Bb4 9. Bg2 O-O 10. O-O Bxc3 11. bxc3 h6 12. Nxc6 bxc6 13. c4 Re8 14. cxd5 Nxd5 15. Bd4 Ba6 16. Re1 Qe7 17. Rc1 Qe6 18. Qc2 Ne7 19. e4 Red8 20. Qc3 f6 21. a4 Qa2 22. Qc5 Ng6 23. Qxc6 {Bluebaum,M (2655)-Lysyj,I (2589) chess.com INT 2024 ½-½ (74)}) 9. Qd2 Bc5 10. Bg2 O-O 11. Bxd5 Nxe3 12. fxe3 Qe7 13. O-O-O Bh3 14. Kb1 Rac8 15. Ka1 Rfe8 16. Bf3 Ne5 17. Nd5 Qd7 18. e4 Be6 19. Nxe6 Qxe6 20. Rhf1 Bf8 21. Bh5 Rc6 22. Qg5 Rec8 23. Rf6 h6 24. Rxe6 hxg5 25. Rxc6 Rxc6 26. Bf3 g4 27. Bg2 Rc2 28. Nf4 Nc4 29. e5 g5 30. Nd3 Ne3 31. Rg1 b6 32. Kb1 Rxe2 33. Bb7 Rxh2 34. Re1 Nf5 35. e6 fxe6 36. Rxe6 Rd2 37. Ba6 Nd4 38. Re1 b5 39. Nc1 Bg7 40. Bc8 Rg2 41. Re3 Nf3 42. Ne2 Nd2+ 43. Kc1 Nf1 44. Re4 Bxb2+ 45. Kxb2 Nxg3 46. Rxg4 Rxe2+ 47. Kc3 1/2-1/2

[Event "FIDE Grand Swiss 2025"]
[Site "Samarkand UZB"]
[Date "2025.09.05"]
[Round "2.11"]
[White "Keymer, Vincent"]
[Black "Xiong, Jeffery"]
[Result "1-0"]
[WhiteElo "2730"]
[BlackElo "2650"]
[PlyCount "108"]
[EventDate "2025.09.04"]

1. c4 e6 2. Nc3 d5 3. d4 c5 4. cxd5 exd5 5. Nf3 Nc6 6. g3 Nf6 7. a3 cxd4 8. Nxd4 Bc5 9. Be3 Bb6 10. Bg2 O-O 11. O-O Re8 12. h3 ({RR} 12. Kh1 Bg4 13. Re1 Qd7 14. Nxc6 Bxe3 15. Nb4 Bxf2 16. Rf1 d4 17. Rxf2 dxc3 18. Qxd7 Bxd7 19. bxc3 Ng4 20. Rf4 Rxe2 21. Bxb7 Rb8 22. Bg2 g5 23. Rd4 Rbe8 24. Bf3 Rxh2+ 25. Kg1 Ne5 26. Bg2 Rh6 {Abdusattorov,N (2777)-So,W (2747) Kolkata IND 2024 0-1 (37)}) ({RR} 12. Kh1 Bg4 13. Re1 Qd7 14. Nxc6 Bxe3 15. Nb4 Bxf2 16. Rf1 d4 17. Rxf2 dxc3 18. Qxd7 Bxd7 19. bxc3 Ng4 20. Rf4 Rxe2 21. Bxb7 Rb8 22. Bg2 g5 23. Rd4 Rbe8 24. Bf3 Rxh2+ 25. Kg1 Ne5 26. Bg2 Rh6 {Abdusattorov,N (2777)-So,W (2747) Kolkata IND 2024 0-1 (37)}) 12... Rxe3 $146 ({RR} 12... h6 13. Rc1 Bd7 14. Qd2 Ne4 15. Nxe4 Nxd4 16. Bxd4 dxe4 17. Bxb6 axb6 18. Rfd1 Bc6 19. Qb4 Qg5 20. e3 Qa5 21. Rc4 b5 22. Rcd4 Qxb4 23. Rxb4 Ra4 24. Rdd4 Rxb4 25. axb4 Kf8 26. g4 Re5 27. Kf1 {Mamedov,E (2477)-Zhu,Y (2087) San Vicente ESP 2026 ½-½ (31)}) ({RR} 12... h6 13. Rc1 Bd7 14. Qd2 Ne4 15. Nxe4 Nxd4 16. Bxd4 dxe4 17. Bxb6 axb6 18. Rfd1 Bc6 19. Qb4 Qg5 20. e3 Qa5 21. Rc4 b5 22. Rcd4 Qxb4 23. Rxb4 Ra4 24. Rdd4 Rxb4 25. axb4 Kf8 26. g4 Re5 27. Kf1 {Mamedov,E (2477)-Zhu,Y (2087) San Vicente ESP 2026 ½-½ (31)}) 13. fxe3 Qd6 14. Rf3 Bd7 15. Kh2 Ne5 16. Rf4 Re8 17. Qf1 Nh5 18. Nxd5 Nxf4 19. Qxf4 Bd8 20. Rd1 Qg6 21. Nf3 Nxf3+ 22. exf3 Bxh3 23. Qa4 Qc6 24. Qxc6 bxc6 25. Kxh3 cxd5 26. Rxd5 Bb6 27. e4 Rd8 28. Rb5 Rd2 29. a4 g6 30. a5 Bg1 31. f4 h5 32. e5 h4 33. gxh4 Rd3+ 34. Kg4 Bh2 35. Bf3 Rd4 36. Rb8+ Kg7 37. Rb7 Rxf4+ 38. Kh3 Rxf3+ 39. Kxh2 Re3 40. b4 Rxe5 41. a6 Re4 42. Kg3 Kf6 43. b5 Rb4 44. Kf3 Ke6 45. Ke3 f5 46. Rxa7 Rb3+ 47. Kf4 Rb4+ 48. Kg5 Rxb5 49. Ra8 Rb4 50. a7 Rg4+ 51. Kh6 Ra4 52. Kxg6 Rg4+ 53. Kh5 Rg7 54. Re8+ Kd5 1-0

[Event "TCh-ESP Div Honor 2025"]
[Site "Linares ESP"]
[Date "2025.08.14"]
[Round "7.20"]
[White "Ivanchuk, V."]
[Black "Vallejo Pons, F."]
[Result "1/2-1/2"]
[WhiteElo "2623"]
[BlackElo "2640"]
[PlyCount "60"]
[EventDate "2025.08.08"]
[WhiteTeam "C.A. SOLVAY"]
[BlackTeam "MYINVESTOR CASABLANCA"]

1. d4 d5 2. c4 e6 3. Nc3 c5 4. cxd5 cxd4 5. Qxd4 Nc6 6. Qd2 ({RR} 6. Qd3 exd5 7. Nf3 d4 8. Nb5 Bb4+ 9. Bd2 Bxd2+ 10. Qxd2 Nf6 11. Nfxd4 Qb6 12. Nxc6 bxc6 13. Nd6+ Kf8 14. Nc4 Qb5 15. Qd6+ Ke8 16. Qxf6 gxf6 17. Nd6+ Ke7 18. Nxb5 cxb5 19. e3 a6 20. Rc1 Be6 {Oparin,G (2662)-Riehle,M (2380) chess.com INT 2024 1-0 (67)}) ({RR} 6. Qd3 exd5 7. Nf3 d4 8. Nb5 Bb4+ 9. Bd2 Bxd2+ 10. Qxd2 Nf6 11. Nfxd4 Qb6 12. Nxc6 bxc6 13. Nd6+ Kf8 14. Nc4 Qb5 15. Qd6+ Ke8 16. Qxf6 gxf6 17. Nd6+ Ke7 18. Nxb5 cxb5 19. e3 a6 20. Rc1 Be6 {Oparin,G (2662)-Riehle,M (2380) chess.com INT 2024 1-0 (67)}) 6... exd5 7. Qxd5 Qc7 ({RR} 7... Bd6 8. Bg5 Nge7 9. Qd2 h6 10. O-O-O hxg5 11. Qxd6 Qxd6 12. Rxd6 Nf5 13. Rd1 Be6 14. e3 f6 15. Nf3 Rc8 16. Bd3 Kf7 17. Kb1 g4 18. Nd2 Ne5 19. Be4 Rcd8 20. Kc2 Nd6 21. Bd5 b5 22. Bxe6+ {Huallpa Fernandez,H (2040)-Nunez Castaneda,J (1839) Temuco CHI 2026 1-0 (60)}) ({RR} 7... Bd6 8. Bg5 Nge7 9. Qd2 h6 10. O-O-O hxg5 11. Qxd6 Qxd6 12. Rxd6 Nf5 13. Rd1 Be6 14. e3 f6 15. Nf3 Rc8 16. Bd3 Kf7 17. Kb1 g4 18. Nd2 Ne5 19. Be4 Rcd8 20. Kc2 Nd6 21. Bd5 b5 22. Bxe6+ {Huallpa Fernandez,H (2040)-Nunez Castaneda,J (1839) Temuco CHI 2026 1-0 (60)}) 8. e3 $146 ({RR} 8. Nf3 Nf6 9. Qd2 Bg4 10. Qf4 Bd6 11. Qg5 O-O 12. Bd2 Nb4 13. Rc1 Rfe8 14. e3 b6 15. a3 h6 16. Qh4 Nc6 17. Nb5 Qd7 18. Nxd6 Qxd6 19. Be2 Rad8 20. Bc3 Re4 21. Bxf6 Bxf3 22. Bxd8 Rxh4 {Smietanska,W (2121)-Garbuz,V (2199) chess.com INT 2024 1-0 (59)}) ({RR} 8. Nf3 Nf6 9. Qd2 Bg4 10. Qf4 Bd6 11. Qg5 O-O 12. Bd2 Nb4 13. Rc1 Rfe8 14. e3 b6 15. a3 h6 16. Qh4 Nc6 17. Nb5 Qd7 18. Nxd6 Qxd6 19. Be2 Rad8 20. Bc3 Re4 21. Bxf6 Bxf3 22. Bxd8 Rxh4 {Smietanska,W (2121)-Garbuz,V (2199) chess.com INT 2024 1-0 (59)}) 8... Nf6 9. Qb3 Bc5 10. Nf3 O-O 11. Be2 Be6 12. Qc2 Nb4 13. Qb1 Rad8 14. O-O Rfe8 15. b3 g6 16. Bb2 Ng4 17. Qc1 Bd7 18. Nb5 Bxb5 19. Qc3 Ne5 20. Bxb5 Nd5 21. Qe1 Nxf3+ 22. gxf3 Re6 23. Kh1 a6 24. Bc4 Bb4 25. Qb1 Nxe3 26. Bxe6 Nxf1 27. Qxf1 fxe6 28. Rd1 Be7 29. Rxd8+ Qxd8 30. Qc4 Qd5 1/2-1/2